Normal view MARC view
  • Engelen, Rodney E.

Entry Personal Name

Number of records used in: 1

001 - CONTROL NUMBER

  • control field: 21530

003 - CONTROL NUMBER IDENTIFIER

  • control field: NUST

005 - DATE AND TIME OF LATEST TRANSACTION

  • control field: 20190926113212.0

008 - FIXED-LENGTH DATA ELEMENTS

  • fixed length control field: 190926|| aca||aabn | a|a d

040 ## - CATALOGING SOURCE

  • Original cataloging agency: NUST
  • Transcribing agency: NUST

100 ## - HEADING--PERSONAL NAME

  • Personal name: Engelen, Rodney E.

670 ## - SOURCE DATA FOUND

  • Source citation: Work cat.: (NUST)0: Engelen, Rodney E., Coordination of transportation system management and land use management /, [1982]
© 2023 Central Library, National University of Sciences and Technology. All Rights Reserved.